| 000 | 01718nam a2200469 i 4500 | ||
|---|---|---|---|
| 001 | ELB43863 | ||
| 003 | FlNmELB | ||
| 006 | m o d | | ||
| 007 | cr cnu|||||||| | ||
| 008 | 170809s2015 sp o 001 0 spa d | ||
| 020 | _a9788416230600 (e-book) | ||
| 020 | _z9788416230679 | ||
| 035 | _a(MiAaPQ)EBC4870186 | ||
| 035 | _a(Au-PeEL)EBL4870186 | ||
| 035 | _a(CaPaEBR)ebr11392305 | ||
| 035 | _a(OCoLC)1105520070 | ||
| 040 |
_aFINmELB _bspa _erda _cFINmELB |
||
| 050 | 4 |
_aB3325.Z7 _bR814 2015 |
|
| 080 | _a1 | ||
| 082 | 0 |
_a016.2963092 _223 |
|
| 100 | 1 | _aRosenkranz, Karl. | |
| 245 | 1 | 0 |
_aEstética de lo feo / _cKarl Rosenkranz ; Miguel Salmerón, editor y traductor. |
| 264 | 1 |
_aSevilla : _bAthenaica Ediciones Universitarias, _c2015. |
|
| 300 | _a1 recurso en línea (413 páginas) | ||
| 336 |
_atexto _btxt _2rdacontent/spa |
||
| 337 |
_acomputadora _bc _2rdamedia/spa |
||
| 338 |
_arecurso en línea _bcr _2rdacarrier/spa |
||
| 490 | 1 | _aEstética y Teoría de las artes | |
| 500 | _aIncluye índice. | ||
| 588 | _aDescripción basada en recurso en línea; Título de la página del título en PDF (e-libro, visto August 9, 2017). | ||
| 590 | _aRecurso electronico. Santa Fe, Arg. : e-libro, 2016. Disponible via World Wide Web. El acceso puede ser limitado para las bibliotecas afiliadas a e-libro. | ||
| 600 | 1 | 0 |
_aRosenkranz, Karl, _d1805-1879. |
| 650 | 0 | _aPhilosophy. | |
| 650 | 4 | _aFilosofía. | |
| 650 | 0 | _aAesthetics. | |
| 650 | 4 | _aEstética. | |
| 655 | 4 | _aLibros electrónicos. | |
| 700 | 1 |
_aSalmerón, Miguel, _eeditor y traductor. |
|
| 797 | 2 | _ae-libro, Corp. | |
| 830 | 0 | _aEstética y Teoría de las artes. | |
| 856 | 4 | 0 | _uhttps://elibro.net/ereader/usam/43863 |
| 999 |
_c140856 _d140856 |
||